=LDR 00000nam 2200000 4500 =001 INLIS000000000037938 =005 20130612143637 =008 ***********************************IND** =035 ##$$0010-061300000037938 =041 ##$$a IND =082 ##$$a 339 =090 ##$$a 339, Luf g =100 ##$$a Luft, Joseph =245 ##$$a Group Processes =650 ##$$a Group =850 ##$$a NBPNMAT